Largest Countries Minefield Quiz Stats

Quiz Updated Apr 25, 2018

Also try: Largest Countries
Challenge
Share
Tweet
Embed
Score 0/101 Timer 20:00
45 Plays Today
Rank Country % Correct
3???
86%
1???
83.6%
2???
82.8%
4???
79.9%
5???
76.7%
14???
71.4%
43???
70.3%
7???
69.7%
6???
69.1%
63???
68.8%
8???
68.7%
79???
65.5%
52???
63.2%
25???
57.9%
30???
54.3%
19???
52.5%
38???
51.7%
18???
51.2%
56???
50.2%
46???
49.9%
13???
49.5%
70???
48.5%
20???
48.5%
16???
48.1%
36???
47.9%
72???
47.9%
37???
47.3%
15???
47.1%
9???
46.9%
68???
46.9%
26???
46.6%
65???
45.9%
10???
45.8%
17???
45.3%
Rank Country % Correct
59???
44.7%
22???
44.6%
21???
43.4%
41???
42.9%
33???
42.3%
11???
42.2%
12???
41.9%
62???
40.9%
32???
40.2%
28???
38.6%
27???
35.7%
49???
35.1%
24???
34.5%
23???
33.1%
47???
31.8%
51???
30.9%
76???
30.4%
60???
30.2%
58???
30.1%
57???
29.8%
34???
29.5%
31???
29.3%
44???
28.1%
35???
27.7%
85???
27.7%
29???
27.4%
82???
27.3%
53???
26.7%
45???
26.5%
66???
26%
61???
25.9%
67???
25.5%
48???
24.9%
74???
24.7%
Rank Country % Correct
39???
24.6%
90???
24.5%
40???
24.3%
73???
24%
96???
23.1%
64???
22.4%
50???
20.1%
54???
19.4%
95???
18.4%
71???
18.4%
86???
17.9%
55???
17.6%
94???
17.3%
42???
17.1%
88???
16.8%
89???
16.6%
83???
16%
80???
15.9%
81???
14.6%
92???
13.6%
84???
12.6%
75???
12.6%
93???
12.6%
69???
12.4%
91???
11.6%
98???
11.5%
77???
11.2%
87???
10.9%
97???
9.6%
78???
9.4%
99???
9.3%
100???
8.1%
Mine???
6.2%

You're not logged in!

Compare scores with friends on all Sporcle quizzes.
Join for Free
OR
Log In

You Might Also Like...

Show Comments

Extras

Top Quizzes Today


Score Distribution

Your Account Isn't Verified!

In order to create a playlist on Sporcle, you need to verify the email address you used during registration. Go to your Sporcle Settings to finish the process.

Report this User

Report this user for behavior that violates our Community Guidelines.

Details: